top 10 des youtubeur qui ont fait les meilleurs doublage - Statistiques

Statistiques générales
  • Ce quiz a été pris 31 fois
  • Le résultat moyen est 5 sur 10
Statistiques - réponses
Nom du film Réponse % Correct
2 Bob l'éponge, le film : Un héros sort de l'eau (2015) Squeezie
97%
4 Ratchet & Clank, le film (2016) Squeezie
97%
3 Bob l'éponge, le film : Un héros sort de l'eau (2015) Natoo
83%
8 LEGO Batman, le film (2017) Natoo
83%
1 Bob l'éponge, le film : Un héros sort de l'eau (2015) Cyprien
80%
5 Ratchet & Clank, le film (2016) Le Rire Jaune
40%
6 Ratchet & Clank, le film (2016) John Rachid
23%
7 Le Monde de Dory (2016) EnjoyPhoenix
10%
9 LEGO Batman, le film (2017) Wartek
3%
10 Blinky Bill - Le film (2015) Math se fait des films
0%
Aucun quiz correspondant
Distribution des résultats
% des personnes avec chaque résultat
Percentile par nombre de réponses
Votre historique - résultats
Vous n’avez pas pris ce quiz